<?xml version="1.0" encoding="UTF-8"?>
<collection xmlns:xsi="http://www.w3.org/2001/XMLSchema-instance" xsi:schemaLocation="http://www.loc.gov/MARC21/slim http://www.loc.gov/standards/marcxml/schema/MARC21slim.xsd" xmlns="http://www.loc.gov/MARC21/slim">
 <record>
  <leader>00000cam a22000003i 4500</leader>
  <controlfield tag="001">UP-1685594773862053904</controlfield>
  <controlfield tag="003">Buklod</controlfield>
  <controlfield tag="005">20170126155416.0</controlfield>
  <controlfield tag="006">g||| |     ||   ||</controlfield>
  <controlfield tag="007">ta</controlfield>
  <controlfield tag="008">170126s2012    xx ab   rb   |001 0|eng d</controlfield>
  <datafield tag="020" ind1=" " ind2=" ">
   <subfield code="a">9781107029316 (hardback)</subfield>
  </datafield>
  <datafield tag="035" ind1=" " ind2=" ">
   <subfield code="a">(iLib)UPBAG-00023065864</subfield>
  </datafield>
  <datafield tag="037" ind1=" " ind2=" ">
   <subfield code="a">BC-67184</subfield>
   <subfield code="b">Megatexts</subfield>
   <subfield code="c">Php8,280.00</subfield>
   <subfield code="n">Prof. Rosalina Mendigo</subfield>
  </datafield>
  <datafield tag="040" ind1=" " ind2=" ">
   <subfield code="a">DLC</subfield>
   <subfield code="d">BAG</subfield>
   <subfield code="e">rda</subfield>
  </datafield>
  <datafield tag="041" ind1="0" ind2=" ">
   <subfield code="a">eng</subfield>
  </datafield>
  <datafield tag="090" ind1=" " ind2="0">
   <subfield code="a">P 115.5 I8</subfield>
   <subfield code="b">L36 2012</subfield>
  </datafield>
  <datafield tag="245" ind1="0" ind2="0">
   <subfield code="a">Language and linguistic contact in ancient Sicily</subfield>
   <subfield code="c">edited by Olga Tribulato.</subfield>
  </datafield>
  <datafield tag="264" ind1=" " ind2="1">
   <subfield code="a">Cambridge, UK</subfield>
   <subfield code="b">Cambridge University Press</subfield>
   <subfield code="c">2012.</subfield>
  </datafield>
  <datafield tag="300" ind1=" " ind2=" ">
   <subfield code="a">xxii, 422 pages</subfield>
   <subfield code="b">illustrations, maps</subfield>
   <subfield code="c">23 cm</subfield>
  </datafield>
  <datafield tag="490" ind1="0" ind2=" ">
   <subfield code="a">Cambridge classical studies</subfield>
  </datafield>
  <datafield tag="504" ind1=" " ind2=" ">
   <subfield code="a">Includes bibliographical references (pages 370-411) and index.</subfield>
  </datafield>
  <datafield tag="505" ind1="0" ind2=" ">
   <subfield code="a">Machine generated contents note: Introduction. 'So many Sicilies': introducing language and linguistic contact in ancient Sicily O. Tribulato; Part I. Non-Classical Languages: 1. Language relations in Sicily: evidence for the speech of the Sikanoi, the Sikeloi and others P. Poccetti; 2. The Elymian language S. Marchesini; 3. Phoenician and Punic in Sicily M. G. Amadasi Guzzo; 4. Oscan in Sicily J. Clackson; 5. Traces of language contact in Sicilian onomastics: the evidence from the Great Curse of Selinous G. Meiser; 6. Coins and language in ancient Sicily O. Simkin; Part II. Greek: 7. Sicilian Greek before the fourth century BC: a basic grammar S. Mimbrera Olarte; 8. The Sicilian Doric koine S. Mimbrera Olarte; 9. Intimations of koine in Sicilian Doric: the information provided by the Antiatticist A. C. Cassio; 10. 'We speak Peloponnesian': tradition and linguistic identity in postclassical Sicilian literature A. Willi; Part III. Latin: 11. Siculi bilingues? Latin in the inscriptions of early Roman Sicily O. Tribulato; 12. Sicily in the Roman imperial period: language and society K. Korhonen.</subfield>
  </datafield>
  <datafield tag="520" ind1=" " ind2=" ">
   <subfield code="a">&quot;Within the field of ancient bilingualism, Sicily represents a unique terrain for analysis as a result of its incredibly rich linguistic history, in which 'colonial' languages belonging to branches as diverse as Italic (Oscan and Latin), Greek and Semitic (Phoenician) interacted with the languages of the natives (the elusive Sicel, Sicanian and Elymian). The result of this ancient melting-pot was a culture characterised by 'postcolonial' features such as ethnic hybridity, multilingualism and artistic and literary experimentation. While Greek soon emerged as the leading language, dominating official communication and literature, epigraphic sources and indirect evidence show that the minority languages held their ground down to the fifth century BCE, and in some cases beyond. The first two parts of the volume discuss these languages and their interaction with Greek, while the third part focuses on the sociolinguistic revolution brought about by the arrival of the Romans&quot;--Provided by publisher.</subfield>
  </datafield>
  <datafield tag="650" ind1=" " ind2="0">
   <subfield code="a">Bilingualism</subfield>
   <subfield code="z">Italy</subfield>
   <subfield code="z">Sicily</subfield>
   <subfield code="x">History.</subfield>
  </datafield>
  <datafield tag="650" ind1=" " ind2="0">
   <subfield code="a">Sociolinguistics</subfield>
   <subfield code="z">Italy</subfield>
   <subfield code="z">Sicily</subfield>
   <subfield code="x">History.</subfield>
  </datafield>
  <datafield tag="650" ind1=" " ind2="0">
   <subfield code="a">Greek language, Medieval and late</subfield>
   <subfield code="x">Dialects</subfield>
   <subfield code="z">Italy</subfield>
   <subfield code="z">Sicily</subfield>
   <subfield code="x">History.</subfield>
  </datafield>
  <datafield tag="650" ind1=" " ind2="0">
   <subfield code="a">Latin language</subfield>
   <subfield code="x">Dialects</subfield>
   <subfield code="z">Italy</subfield>
   <subfield code="z">Sicily</subfield>
   <subfield code="x">History.</subfield>
  </datafield>
  <datafield tag="650" ind1=" " ind2="0">
   <subfield code="a">Greek language, Medieval and late</subfield>
   <subfield code="x">Dialects</subfield>
   <subfield code="z">Italy</subfield>
   <subfield code="z">Sicil</subfield>
   <subfield code="x">Foreign elements</subfield>
   <subfield code="x">Latin.</subfield>
  </datafield>
  <datafield tag="650" ind1=" " ind2="0">
   <subfield code="a">Latin language</subfield>
   <subfield code="x">Dialects</subfield>
   <subfield code="z">Italy</subfield>
   <subfield code="z">Sicily</subfield>
   <subfield code="x">Foreign elements</subfield>
   <subfield code="x">Greek.</subfield>
  </datafield>
  <datafield tag="650" ind1=" " ind2="0">
   <subfield code="a">Latin language</subfield>
   <subfield code="x">Influence on Greek.</subfield>
  </datafield>
  <datafield tag="650" ind1=" " ind2="0">
   <subfield code="a">Greek language</subfield>
   <subfield code="x">Influence on Latin.</subfield>
  </datafield>
  <datafield tag="650" ind1=" " ind2="0">
   <subfield code="a">Historical linguistics</subfield>
   <subfield code="z">Italy</subfield>
   <subfield code="z">Sicily.</subfield>
  </datafield>
  <datafield tag="651" ind1=" " ind2="0">
   <subfield code="a">Italy</subfield>
   <subfield code="x">Languages</subfield>
   <subfield code="x">Pre-Italic.</subfield>
  </datafield>
  <datafield tag="700" ind1="1" ind2=" ">
   <subfield code="a">Tribulato, Olga, 1975-</subfield>
   <subfield code="e">editor.</subfield>
  </datafield>
  <datafield tag="905" ind1=" " ind2=" ">
   <subfield code="a">FO</subfield>
  </datafield>
  <datafield tag="852" ind1="0" ind2=" ">
   <subfield code="a">UPBAG</subfield>
   <subfield code="b">UPBAG-MAIN</subfield>
   <subfield code="h">P 115.5 I8 L36 2012</subfield>
  </datafield>
  <datafield tag="942" ind1=" " ind2=" ">
   <subfield code="a">Book</subfield>
  </datafield>
 </record>
</collection>
